Koruyucu Kent Yenilenmesi ve Yerel Yönetimler (Record no. 1261)

MARC details
000 -BAŞLIK
Sabit Uzunlukta Kontrol Alanı 00862na a2200253 4500
001 - KONTROL NUMARASI
Denetim Alanı 13665
003 - KONTROL NUMARASI IDENTIFIER
Denetim Alanı MIRAKIL
005 - SON İŞLEM TARİHİ VE ZAMANI
Denetim Alanı 20181213154816.0
008 - SABİT-BOY VERİ ELEMANLARI - GENEL BİLGİLER
Sabit Uzunlukta Kontrol Alanı 160919b tu 000 0
035 ## - SİSTEM KONTROL NUMARASI
Sistem Kontrol Numarası 13665
040 ## - KATALOGLAMA KAYNAK
Orijinal Kataloglama Ajansı Milas
Kataloglama Dili tur
Metne Dönüştürmek Ajansı TR-AnCHP
082 ## - DEWEY ONLU SINIFLANDIRMA NUMARASI
Sınıflandırma Numarası 711.4
Ürün Numarası T96k 1991
090 ## - SINIFLAMA NUMARASI
Sınıflama Numarası 711.4 T96k 1991
111 ## - ANA GİRİŞ - TOPLANTI ADI
Giriş Elemanı Olarak Toplantı Adı Veya Yargı Alanı Adı Türk - Alman Semineri
Toplantının Yeri Ankara
Toplantı Veya Antlaşma İmzalandığı Tarihi 1991
245 ## - BAŞLIK TABLOSU
Başlık Koruyucu Kent Yenilenmesi ve Yerel Yönetimler
Başlığın Kalan 13-14 Aralık 1991 Türk-Alman Semineri
Sorumluluk Tablosu, Vb Yayına hazırlayan Bayar Çimen
246 ## - UNVAN FORM VARYING
Başlık Doğru / Kısa Başlığı 13-14 Aralık 1991 Türk-Alman Semineri
260 ## - YAYIN, DAĞITIM, VB
Yayın, Dağıtım, Vb Yeri Ankara
Yayıncı, Dağıtıcı, Vs Adı TMMOB Mimarlık Odası Ankara Şubesi
Yayın, Dağıtım, Vb Tarihi 1992
300 ## - FİZİKSEL TANIM
Kapsam 44 s.
Diğer Fiziksel Ayrıntıları res.
Boyutlar 30 sm.
650 ## - KONU KATMA GİRİŞ - TOPİKAL DÖNEM
Topikal Süreli Veya Coğrafi Ad Giriş Elemanı Yerel yönetim
Genel Alt Bölümü Kent planlama
650 ## - KONU KATMA GİRİŞ - TOPİKAL DÖNEM
Topikal Süreli Veya Coğrafi Ad Giriş Elemanı Kent planlama
Genel Alt Bölümü Yerel yönetim
Kronolojik Alt Bölümü Toplantılar
650 ## - KONU KATMA GİRİŞ - TOPİKAL DÖNEM
Topikal Süreli Veya Coğrafi Ad Giriş Elemanı Kentsel dönüşüm
Genel Alt Bölümü Toplantılar
700 ## - KATMA GİRİŞ - KİŞİSEL İSİM
Kişisel Ad Çimen, Bayar
942 ## - EKLENDİ GİRİŞ ELEMANLARI (KOHA)
Sınıflandırma Veya Raf Düzeni Kaynak Dewey Decimal Classification
Koha Öğesi Türü Books
999 ## - SİSTEM KONTROL NUMARALARI (KOHA)
Koha Biblionumber 1261
Koha Biblioitemnumber 1261
Holdings
Kalıcı Konum Mevcut Konum Edinme Tarihi Edinim Kaynak Toplam Check-Out'Lar Tam Çağrı Numarası Barkod Tarih Son Görülme İtibaren Geçerli Fiyatlar Koha Öğesi Türü
CHP Kütüphanesi CHP Kütüphanesi 08/15/2016 Bağış   711.4 T96k 1991 001264 08/15/2016 08/15/2016 Books